Statistiche per Elenca la formazione - Quiz n°213

Clicka qui per fare il quiz!

Statistiche generali

  • Questo quiz è stato fatto 12 volte
  • Il punteggio medio è 11 su 11

Statistiche sulle risposte

RuoloNazioneCalciatore% Corretto
CentrocampistaBrasileAllan
100%
AttaccantePoloniaArkadiusz Milik
100%
PortiereColombiaDavid Ospina
100%
CentrocampistaSpagnaFabián Ruiz
100%
DifensoreSenegalKalidou Koulibaly
100%
AttaccanteItaliaLorenzo Insigne
100%
CentrocampistaSlovacchiaMarek Hamšík
100%
DifensorePortogalloMário Rui
100%
DifensoreSpagnaRaúl Albiol
100%
DifensoreSerbiaNikola Maksimović
83%
CentrocampistaSpagnaJosé María Callejón
75%

Distribuzione punteggi

Percentile per numero di risposta

Percentuale di utenti per punteggio

I tuoi punteggi nel tempo

Non hai fatto questo quiz